STROJOVÉ SPRACOVANIE DÁT Z GAMA SPEKTROMETRIE

Bibliographic Details
Main Author: Pišútová, N. (Author)
Format: Article
Language:Slovak

MARC

LEADER 00000nab a2200000uu 4500
001 vtls010913717
003 SK-MaSNL
005 20260303150510.0
008 230222|1981 xo |||||||||||||||||slo|
015 |a SNBRB 
035 |a (urnnbn)urn:nbn:sk:snk:ar-a09ag4 
035 |a (uuid)58c4ce6c-79c1-486d-9ece-9b1b4eef97f4 
035 |a urn:nbn:sk:snk-ab92eg 
040 |a SNKBUCL  |b slo  |c SNKBUCL  |e AACR2 
041 0 |a slo 
044 |a xo  |c SK 
100 1 |a Pišútová, N.  |4 aut  |9 1150216 
245 1 0 |a STROJOVÉ SPRACOVANIE DÁT Z GAMA SPEKTROMETRIE  |c N. Pišútová 
773 0 |t Rádioaktivita a životné prostredie  |g Roč. 4, č. 4 (1981), s. [233]-238 
954 |a odborná, vedecká literatúra pôvodná (slovenská)  |2 lita 
958 |a OND 
958 |a EUIPO 
958 |a article10 
999 |c 2011123  |d 2013053